| 000 | 00000nam##2200000za#4500 |
| 001 | 9.643508 |
| 003 | CaOODSP |
| 005 | 20231005135403 |
| 007 | cr ||||||||||| |
| 008 | 150407|2014||||xxc|||||o f|0| 0 fre|d |
| 020 | |a978-0-660-22422-0 |
| 040 | |aCaOODSP|bfre |
| 043 | |an-cn--- |
| 086 | 1 |aR62-442/2014F-PDF |
| 110 | 2 |aParcs Canada. |bBureau de la vérification interne et de l'évaluation. |
| 245 | 10|aÉvaluation du sous-programme de création et d'agrandissement de parcs nationaux de Parcs Canada : |h[ressource électronique]|brapport final – 10 juin 2014 |
| 260 | |aGatineau - Québec : |bParcs Canada. |cJuin 2014. |
| 300 | |a64p.|bfigure, graphique, carte, tableaux |
| 590 | |a15-13|b2015-03-27 |
| 775 | 08|tEvaluation of Parks Canada's national park establishment and expansion sub-program : |w(CaOODSP)9.699552 |
| 776 | 0#|tÉvaluation du sous-programme de création et d'agrandissement de parcs nationaux de Parcs Canada |w(CaOODSP)9.678098 |
| 856 | 40|ahttp://publications.gc.ca|qPDF|s1.58 Mo|uhttps://publications.gc.ca/collections/collection_2015/pc/R62-442-2014-fra.pdf |